000
00211 a2200097 4500
020
_a
9500816415
041
_a
spa
100
_a
Canfield, Jack
245
_a
Otra taza de chocolate caliente para el alma
942
_c
BK
999
_c
8921
_d
8921